<?xml version="1.0" encoding="UTF-8"?>
<record
    xmlns:xsi="http://www.w3.org/2001/XMLSchema-instance"
    xsi:schemaLocation="http://www.loc.gov/MARC21/slim http://www.loc.gov/standards/marcxml/schema/MARC21slim.xsd"
    xmlns="http://www.loc.gov/MARC21/slim">

  <leader>00805cam a2200241 i 4500</leader>
  <controlfield tag="001">sa 66002283 </controlfield>
  <controlfield tag="003">DLC</controlfield>
  <controlfield tag="005">20260227112228.0</controlfield>
  <controlfield tag="008">811023s1965    bg ac         000 0aben  </controlfield>
  <datafield tag="010" ind1=" " ind2=" ">
    <subfield code="a">sa 66002283 </subfield>
  </datafield>
  <datafield tag="040" ind1=" " ind2=" ">
    <subfield code="a">DLC</subfield>
    <subfield code="c">DLC</subfield>
    <subfield code="d">DLC</subfield>
  </datafield>
  <datafield tag="043" ind1=" " ind2=" ">
    <subfield code="a">a-ch---</subfield>
  </datafield>
  <datafield tag="050" ind1="0" ind2="0">
    <subfield code="a">PK1718.S495</subfield>
    <subfield code="b">Z52</subfield>
  </datafield>
  <datafield tag="100" ind1="1" ind2=" ">
    <subfield code="a">&#x15A;&#x101;masudd&#x12B;na, &#x100;bula K&#x101;l&#x101;ma,</subfield>
    <subfield code="d">1897-1978.</subfield>
  </datafield>
  <datafield tag="245" ind1="1" ind2="0">
    <subfield code="a">Natuna C&#x12B;na natuna de&#x15B;a /</subfield>
    <subfield code="c">&#x100;bula K&#x101;l&#x101;ma &#x15A;&#x101;masudd&#x12B;na.</subfield>
  </datafield>
  <datafield tag="250" ind1=" " ind2=" ">
    <subfield code="a">1. sa&#x1E43;skara&#x1E47;a.</subfield>
  </datafield>
  <datafield tag="260" ind1=" " ind2=" ">
    <subfield code="a">&#x1E0C;h&#x101;k&#x101; :</subfield>
    <subfield code="b">&#x100;hamada P&#x101;bali&#x15B;i&#x1E43; H&#x101;uja,</subfield>
    <subfield code="c">1965.</subfield>
  </datafield>
  <datafield tag="300" ind1=" " ind2=" ">
    <subfield code="a">109 p. :</subfield>
    <subfield code="b">ill. (part col.), ports. ;</subfield>
    <subfield code="c">22 cm.</subfield>
  </datafield>
  <datafield tag="500" ind1=" " ind2=" ">
    <subfield code="a">In Bengali.</subfield>
  </datafield>
  <datafield tag="600" ind1="1" ind2="0">
    <subfield code="a">&#x15A;&#x101;masudd&#x12B;na, &#x100;bula K&#x101;l&#x101;ma,</subfield>
    <subfield code="d">1897-1978</subfield>
    <subfield code="x">Travel</subfield>
    <subfield code="z">China.</subfield>
  </datafield>
  <datafield tag="651" ind1=" " ind2="0">
    <subfield code="a">China</subfield>
    <subfield code="x">Description and travel.</subfield>
  </datafield>
  <datafield tag="650" ind1=" " ind2="0">
    <subfield code="a">Authors, Bengali</subfield>
    <subfield code="y">20th century</subfield>
    <subfield code="v">Biography.</subfield>
  </datafield>
  <datafield tag="999" ind1=" " ind2=" ">
    <subfield code="c">68275</subfield>
    <subfield code="d">68275</subfield>
  </datafield>
</record>
